[Event "Washington Class (Under 1000)"]
[Site "Redmond, WA"]
[Date "2024.11.29"]
[Round "1"]
[White "Ge, Emma"]
[Black "Davies, Damien"]
[Result "0-1"]
[Annotator "Cedric Davies"]
[WhiteElo "924"]
[BlackElo "812"]
[PlyCount "78"]
[GameId "2117427889329102"]
[EventDate "2024.11.29"]
[EventType "swiss"]
[EventRounds "6"]
[EventCountry "USA"]
[SourceVersionDate "2024.12.14"]

{[%evp 0,78,21,21,43,48,80,66,60,44,46,46,46,27,27,34,31,0,31,13,34,23,34,16,14,4,41,35,36,27,198,129,161,21,27,14,11,-42,-72,-54,-2,-109,-98,-120,-129,-120,-146,-148,-109,-178,-106,-569,-167,-272,-281,-299,-305,-296,-308,-339,-343,-435,-922,-1134,-1201,-1202,-1239,-1243,-1293,-29991,-843,-29977,-29978,-29979,-29980,-29981,-29982,-29997,-29998,-29999,-29999] Damien, my son, is a 12-year old boy. He plays a great game here, showing some nice tactics and good strategic understanding. Although she falls in this game, Emma also plays a nice game, and she's a girl of just 7 years. As both a chess parent and a chess enthusist, I am both proud and amazed at the quality of play by WA youngsters. Chess has a bright future in WA if these kids keep it up.} 1. e4 c5 2. Nf3 g6 3. Bc4 Bg7 4. Nc3 Nc6 5. d3 d6 6. Be3 Nf6 7. O-O O-O 8. Qd2 Bd7 9. Bh6 Re8 {Due to the pressure on f7, with a potential Ng5 coming, I would prefer to keep the Rook on f8} 10. Bxg7 Kxg7 11. h3 $11 a6 12. a4 Nb4 13. Rfe1 Rb8 {I like the plan of playing for a b5 break. To be considered here is playing b6, to prevent the opponent from playing a5. But before that Black probably needs to play e5 to stop White's potential e5 break.} 14. a5 b6 {Black needs to stop White from making the e5 break} (14... e5 $142 $11) 15. axb6 Qxb6 16. Nd5 $2 (16. e5 $142 $1 dxe5 17. Nxe5 Rf8 18. Nxd7 Nxd7 19. Rxe7 Nf6 $16) 16... Nbxd5 17. exd5 $11 Qxb2 18. Bb3 {[#] White makes an interesting choice here. She is attempting to trap Black's Queen with a threat of Reb1} (18. Rxa6 $142) 18... Rxb3 $1 $17 {A wise decision. Instead of trying to make an escape for his Queen, Damien sacs the Exchange. In compensation he picks up a pawn and will likely pick up the d5 pawn as well.} 19. cxb3 Qxb3 20. Reb1 (20. d4 $142 c4 21. Reb1 Qd3 22. Qxd3 cxd3 $17) 20... Qxd5 21. Rxa6 Bxh3 $1 22. gxh3 $2 {White would be better not taking the Bishop as it opens up her King} Qxf3 23. Qe3 Qd5 $1 {[#] Damien rightly decides to keep Queens on the board. With White's King partly exposed and his control of the center, he has better attacking chances with the ladies remaining on the board.} 24. Rb5 $6 {Leaving the back rank is dangerous here} Rc8 $5 {Interesting idea, fighting for the activity of his Rook and sacing the e7 pawn in the process. If White accepts the sacrifice, the open e-file will work to Damien's benefit} 25. Qxe7 $2 {Who can resist a free pawn? Unfortunately for White, taking the pawn helps Black by opening up the e-file for his Rook} Qxd3 $2 {Damien is also tempted to win a pawn, though here it was better to immediately take control of the newly opened e-file.} (25... Re8 $142 $1 {White must now give up her Queen or allow a forced mate} 26. Qc7 Re1+ 27. Kh2 Qh1+ 28. Kg3 Rg1+ 29. Kh4 (29. Kf4 Nd5#) 29... Rg4#) 26. Qb7 (26. Ra7 $142 Qd1+ (26... Qxb5 $2 {This very plausable mistake would allow White back into the game} 27. Qxf7+ Kh6 28. Qxf6 $11) 27. Kh2 Qd5 28. Rbb7 Rf8 $17) 26... Re8 {Damien takes over the file. Re1+ is a deadly threat.} 27. Ra1 {To prevent Re1+. Probably it was better to stop the threat with the other Rook, in order to preserve the option of playing Ra7} Qxh3 {Strongly threatening Ng4} 28. Qg2 {Again White offers a trade of Queens to stem the attack} Qd3 {And again Damien smartly rejects the trade. Here he gains a tempo by attacking the Rook and perpares for his own Rook-lift} 29. Rab1 c4 $1 {Prevents R5b3} 30. Qc6 Re4 {The Rook enters the attack with deadly effect} 31. Rb7 Rg4+ 32. Kh2 Rh4+ 33. Kg1 Qh3 {Rg4+ is the threat} 34. f3 d5 {[%emt 0:00:05] Nice move! Damien blocks the White Queen's defense of f3. Though there was something better - a forced mate in} (34... Qg3+ $142 35. Kf1 Rh1+ 36. Ke2 Rh2+ 37. Ke3 Qe5+ 38. Qe4 Nd5#) 35. Qc7 Qxf3 {[#] Cool and collected, Damien is not worried about White's threat to f7 as he sees that his King can run to safety} 36. Qxf7+ Kh6 37. Qf8+ Kg5 38. Rxh7 {One last trick} Rg4+ {With ice water in his veins, Damien does not take the free Rook and instead hunts down the King} (38... Nxh7 $4 39. Qxf3 $18) 39. Kh2 Qg2# 0-1

[Event "Oregon Junior Closed (Challengers)"]
[Site "Portland, OR"]
[Date "2024.12.08"]
[Round "5"]
[White "Gupta, Saahil"]
[Black "Lewis, Kai"]
[Result "1-0"]
[Annotator "Wilson Gibbins"]
[WhiteElo "1862"]
[BlackElo "1821"]
[PlyCount "89"]
[GameId "2130077253284215"]
[EventDate "2024.12.06"]
[EventType "tourn"]
[EventRounds "5"]
[EventCountry "USA"]
[SourceVersionDate "2024.12.14"]

{[%evp 0,89,19,-8,5,-32,25,10,12,12,8,9,16,38,33,33,46,5,5,24,34,12,33,34,36,28,41,28,43,37,40,34,70,57,76,59,106,134,135,127,186,193,137,115,144,118,143,135,139,107,176,176,155,160,189,95,115,127,136,97,195,133,148,126,142,110,157,149,243,257,257,257,282,190,427,274,427,347,359,290,454,469,485,412,413,443,459,459,1302,691,691,658]} {This game was played in the last round. Saahil and Neil Natarajan are tied for the lead with 3 points out of 4. Both have White in their final game. Kai is a tournament veteran, having played in the last three Oregon Junior Closed tournaments.} 1. c4 Nf6 2. g3 g6 3. Bg2 Bg7 4. Nf3 O-O 5. d4 d6 6. Nc3 Nbd7 7. O-O e5 8. e4 exd4 {Black gives up pawn central control to activate his pieces. It is a risky strategy, but risky strategies are obligatory for King's Indian players.} 9. Nxd4 a6 {I believe that this qualifies as Gallagher Variation of the Fianchetto King's Indian, popularized by British/Swiss Grandmaster Joe Gallagher starting around 1989.} ({GM Gallegher sometimes started with 9...a6 like Kai, but often inserted 9...Re8 before playing 10...a6} 9... Re8 10. h3 a6 {Either way, it is likely to lead to a game where calculation accuracy is at a premium.}) 10. h3 Ne5 ({A more popular approach is} 10... Rb8 {which gets the rook off the h1-a8 diagnoal and out of the line of fire of White's bishop on g2. Black is planning to play c7-c5, Nd7-e5, and b7-b5 in some order, giving him a weak backward pawn on d6 and a boatload of tactical shots.}) 11. b3 Bd7 12. Be3 Nc6 13. Rc1 Qc8 14. Kh2 Re8 15. f4 Nxd4 16. Bxd4 Bc6 17. Re1 b5 $6 {risky, but Black shouldn't wait around. He needs to generate play quickly or White's extra space will allow him to continue to improve his position.} 18. Nd5 $1 $16 {White obtains a position with extra space and a backward pawn on c7 to target. If I were Black I would be hoping that White's bishop on g2 would become a bad bishop, but the game does not provide evidence to support my hope.} Bxd5 19. cxd5 Nd7 20. Bxg7 Kxg7 21. Qd4+ f6 22. Re3 Qd8 23. Rec3 {applying pressure to the backward pawn on c7} Rc8 24. h4 {This is a nice idea. After White ties Black down on the queenside, he starts to generate play on the kingside, knowing that his advantage in space will allow him to shift attackers from one side to the other faster than Black can shift defenders.} Nc5 {blocks White's rook pressure on the c-pawn and applies pressure to White's e-pawn.} {But, unfortunately for Black,} 25. e5 $1 {White's e-pawn isn't a static weakness - it is mobile} b4 ({Black can't win a pawn with} 25... fxe5 26. fxe5 Rxe5 {as} 27. Rxc5 {wins a knight}) 26. Re3 ({Not} 26. Qxb4 {distracting White's queen from the e5 square} fxe5 27. fxe5 Rxe5 {is an improved position for Black, though White is still better.}) 26... Rb8 27. Bh3 a5 28. Rce1 Rf8 29. R3e2 Qe7 30. Bg4 Rf7 31. e6 Rff8 32. f5 Rbe8 33. Kg2 {White's gigantic advantage in space means that he is in no hurry - he can leisurely make tidying moves, as Black has no way of diminishing White's positional advantages.} Kh8 34. fxg6 hxg6 35. h5 {Black's knight on c5 is well placed to prevent White from making progress on the queenside, but it will be hard pressed to get back to the kingside where the immediate action is occurring.} g5 36. Bf5 Kg7 37. h6+ $1 Kh8 (37... Kxh6 38. Rh1+ Kg7 39. Rh7+ Kg8 40. Rxe7) 38. Bg6 {Material is even, but Stockfish has White's advantage as over 6 pawns.} Rd8 39. Bf7 Nd7 {a good practical try. If White takes the knight, it removes the pawn defense of White's f7 Bishop. If White doesn't take the knight, it will hop out to e5, a better square for defending the king than c5 was.} 40. exd7 $1 {The weakness of White's scattered isolated pawns is irrelevant, but their nearness to promotion squares combined with his dominant rooks is decisive.} Qxf7 41. Re7 Qg6 42. Qe4 $1 Qxe4+ 43. R1xe4 Rg8 44. h7 Rgf8 45. Re8 {if 45...Kxh7, then 46.Rxf8 Rxf8 47.Re8 and White's d-pawn will promote.} 1-0

[Event "Oregon Junior Closed (Championship)"]
[Site "Portland, OR"]
[Date "2024.12.07"]
[Round "2"]
[White "Kodarapu, Ishaan"]
[Black "Tang, Zoey"]
[Result "0-1"]
[Annotator "Wilson Gibbins"]
[WhiteElo "2156"]
[BlackElo "2356"]
[PlyCount "124"]
[GameId "2130907817199142"]
[EventDate "2024.12.06"]
[EventType "tourn"]
[EventRounds "5"]
[EventCountry "USA"]
[SourceVersionDate "2024.12.14"]

{[%evp 0,124,23,-11,-33,-51,-17,1,-2,4,-5,-5,11,-3,-5,17,31,23,18,12,27,7,17,15,21,16,14,16,18,18,18,20,15,5,30,47,61,61,61,61,53,64,56,73,75,71,129,60,76,98,99,92,105,87,87,63,62,61,76,97,148,72,102,74,102,94,95,101,115,83,152,203,218,252,228,235,246,235,253,250,299,225,250,250,335,188,210,52,71,-54,3,1,13,-13,-9,-73,-60,-55,-92,-95,-65,-107,-55,-106,-130,-102,-124,-124,-121,-121,-123,-121,-123,-501,-787,-789,-801,-1444,-1729,-2277,-2386,-29981,-29982,-29983,-29984,-29995,-29996]} 1. c4 e5 2. g3 d5 $5 {Kids, just because Magnus Carlsen plays a move, it doesn't mean you should play that move. If Magnus jumped off the Brooklyn Bridge, would you jump off the Brooklyn Bridge? Seriously, this move has been played by Magnus, Vidit Gujrathi, Jordan Van Foreest, and Wesley So, though mostly at fast time controls. As the Oregon Junior Closed gives players a fair amount of time to prepare, opening surprises are valuable, and early opening surprises are extra valuable as they have a better chance of actually appearing on the board.} 3. cxd5 Qxd5 {A standard idea in the Hyper-Accelerated Dragon (1e4 c5 2.Nf3 g6 3.d4 cxd4 4.Qxd4), but is it playable with colors reversed? Stockfish says yes.} ({Black can still return to more conventional lines with} 3... Nf6 {as White's best responses are 4.Nc3 and 4.Bg2. Moves that try to hold on to White's extra pawn give Black plenty of compensation.} 4. e4 (4. Qa4+ c6 5. dxc6 Nxc6 6. Nc3 Bc5 7. Nf3 Qb6 8. e3 O-O $13) 4... c6 5. dxc6 $2 (5. Bg2 $11) 5... Nxc6 $17 {Black's development combined with White's weak d4 square give Black a significant advantage.}) 4. Nf3 Nc6 5. Nc3 Qd8 {This is the most popular move among carbon-based life forms. The silicon-based life forms find other moves to be acceptable, those moves being} (5... Qd6) ({and} 5... Qd7) 6. Bg2 Nf6 7. O-O h6 $1 {The exclamation mark was graciously provided by the Chessbase 17 reference tab. The position is still equal, but Black has a plus score in this position. That said, Ishaan has lots of Sicilian experience as Black, including Dragon experience, so he should be able to find his way in this position. And he does.} 8. d3 Bd6 9. a3 a5 10. h3 ({White can liquidate the center and simplify the position with} 10. d4 Nxd4 ({as} 10... e4 $2 11. Nd2 Nxd4 12. Qa4+ Nc6 13. Ndxe4 {is better for White. Liquidating the center is considered an accomplishment when you are playing the Sicilian as Black, but not so much when when you are playing the Sicilian reversed as White. Ishaan's move keeps more tension in the position and more opportunities to play for a win.})) 10... O-O 11. Be3 Qe7 12. Rc1 Rd8 13. Nd2 Be6 14. Nde4 Nxe4 15. Nxe4 a4 16. Nc5 Bxc5 17. Rxc5 $1 (17. Bxc5 Qd7 18. Bxc6 bxc6 {gives White great pawn structure but might result in an early draw.} 19. g4 (19. h4 {is still even, but it takes courage to weaken the white squares in the face of Black's unopposed white-squared bishop.}) 19... Bxg4 20. hxg4 Qxg4+ {and White can't avoid perpetual check.}) 17... e4 $6 {trading a center pawn for a wing pawn. If Black doesn't have something concrete in mind, this is a positional concession.} 18. Bxe4 Bxh3 19. Re1 Nd4 20. Rc4 $1 c5 21. Rxa4 {A clear pawn and the two bishops mean that White is close to a winning advantage, but there is lots of chess yet to play. Zoey is a seasoned veteran and doesn't panic easily.} Rxa4 22. Qxa4 b5 23. Qd1 ({It is hard to let your queen abandon your king when you know a Zoey Tang attack is coming, but} 23. Qa5 {keeps a bigger advantage.}) 23... Bg4 24. Bxd4 Rxd4 25. Qc1 Bh3 26. Bf3 Be6 27. Qe3 Qd6 28. Rc1 Kh7 29. Be4+ ({Stockfish suggests the show-off move} 29. Bc6 {with the idea} Qxc6 $2 (29... b4 30. a4) 30. Qxd4) 29... f5 30. Bg2 Bd7 31. Qf3 Qe5 32. Qe3 Qd6 33. b3 Kh8 34. f4 Qb6 35. Kh2 h5 36. Qe5 h4 37. gxh4 Qh6 38. Kg3 $1 Qg6+ 39. Kf2 Qh6 40. Kg3 Qg6+ 41. Kf2 Qh6 {an implicit draw offer.} 42. Bf3 {Ishaan correctly declines.} Rxf4 43. Rg1 (43. Rxc5 $1 $18 {reduces White's king's defending pieces to the bishop on f3, but the king is surprisingly safe, at least according to Stockfish.}) 43... Rxh4 44. Qg3 $11 (44. Qxc5 $16 {is still better for White, but it takes a lot of courage to let your queen drift away from your king, especially when it has so little pawn cover.}) 44... Rh2+ 45. Rg2 Rxg2+ 46. Kxg2 f4 $1 $11 47. Qh2 $6 {The game is still drawn, but this is a step in the wrong direction. It is tempting to get queens off the board against Zoey the fearsome attacker, but sometimes one forgets that Zoey is a fearsome endgame player too.} (47. Qf2 {is still equal}) 47... Qxh2+ 48. Kxh2 g5 49. Bd5 $2 {Surprisingly, this is the losing move. It isn't obvious why.} ({White can draw with the plan of (1) trying to exchange the pawn on e2 for the pawn on f4, then (2) applying some bishop pressure to the pawn on b5. If Black doesn't exchange the pawn on f4 for the pawn on e3, then the pawn on e3 blocks Black's king entry through d4. Not obvious at all.} 49. Kg2 Kg7 50. Kf2 Kf6 51. e3 Ke5 52. Ke2 g4 53. Bb7 g3 54. exf4+ Kxf4 55. Ba6 $1 {I'd have a hard time taking my bishop of the long diagonal where it helps prevent black's g-pawn from advancing and the Black's king from advancing too, but 55.Ba6 is the only move that draws. That line and that move would be hard to find without an engine, especially when playing on increment.}) 49... Kg7 $19 {Black is now winning. It will still take a few accurate moves to make the advantage clear.} 50. b4 ({It is too late to try the e2-e3 plan.} 50. Kg2 Kf6 51. Kf2 Ke5 52. Bb7 Kd4 $19) 50... cxb4 51. axb4 Kf6 52. d4 {Correctly trying to prevent Black's king from getting to the d4 square, but since White doesn't have time to break up Black's pawns with Kf2 and e2-e3, Zoey can safely advance her Kingside pawns to stretch the defense.} Ke7 53. Kg2 Kd6 54. Bb3 g4 $1 55. Kf2 Bf5 56. e3 {Ishaan plays the correct plan, but it is one move too late.} g3+ $1 {only move to win} 57. Kf3 Be4+ $1 {ditto} 58. Ke2 g2 59. Kf2 fxe3+ 60. Kg1 e2 61. Kf2 g1=Q+ 62. Kxg1 e1=Q+ 0-1